Educational psychology / (Record no. 2398)

MARC details
000 -LEADER
fixed length control field 00868nam a22002657a 4500
003 - CONTROL NUMBER IDENTIFIER
control field BD-DhJNU
005 - DATE AND TIME OF LATEST TRANSACTION
control field 20251202033158.0
008 - FIXED-LENGTH DATA ELEMENTS--GENERAL INFORMATION
fixed length control field 251202b |||||||| |||| 00| 0 eng d
020 ## - INTERNATIONAL STANDARD BOOK NUMBER
International Standard Book Number 9780367339135
020 ## - INTERNATIONAL STANDARD BOOK NUMBER
International Standard Book Number 9780367339142
020 ## - INTERNATIONAL STANDARD BOOK NUMBER
International Standard Book Number 9780429322815
040 ## - CATALOGING SOURCE
Original cataloging agency BD-DhJNU
Language of cataloging ENG
Transcribing agency BD-DhJNU
Modifying agency BD-DhJNU
082 ## - DEWEY DECIMAL CLASSIFICATION NUMBER
Edition number 23
Classification number 370.15 CLE
245 ## - TITLE STATEMENT
Title Educational psychology /
Statement of responsibility, etc. edited by Tony Cline, Anthea Gulliford and Susan Birch
250 ## - EDITION STATEMENT
Edition statement 3rd ed
260 ## - PUBLICATION, DISTRIBUTION, ETC.
Place of publication, distribution, etc. London :
Name of publisher, distributor, etc. Routledge Taylor & Francis Group,
Date of publication, distribution, etc. 2024.
300 ## - PHYSICAL DESCRIPTION
Extent xv, 272p. :
Other physical details ill. ;
Dimensions 24 cm.
490 ## - SERIES STATEMENT
Series statement Topics in applied psychology / Graham Davey
504 ## - BIBLIOGRAPHY, ETC. NOTE
Bibliography, etc. note Includes bibliographical references and index
650 ## - SUBJECT ADDED ENTRY--TOPICAL TERM
Topical term or geographic name entry element Educational Psychology
700 ## - ADDED ENTRY--PERSONAL NAME
Personal name Cline, Tony
Relator term editor
700 ## - ADDED ENTRY--PERSONAL NAME
Personal name Gulliford, Anthea
Relator term editor
700 ## - ADDED ENTRY--PERSONAL NAME
Personal name Birch, Susan
Relator term editor
942 ## - ADDED ENTRY ELEMENTS (KOHA)
Source of classification or shelving scheme Dewey Decimal Classification
Koha item type Books
Suppress in OPAC No
Holdings
Withdrawn status Lost status Source of classification or shelving scheme Damaged status Not for loan Collection Home library Current library Shelving location Date acquired Source of acquisition Total checkouts Full call number Barcode Date last seen Copy number Price effective from Koha item type
    Dewey Decimal Classification     Non-fiction Jagannath University Central Library Jagannath University Central Library General stacks 12/02/2025 Purchased   370.15 CLE JNUCL36505 12/02/2025 1 12/02/2025 Books